000 01482nam a2200313 a 4500
001 000018491
005 20260120073950.0
008 770131s1950 sp 000 m spa d
040 _aDO-SdBNP
_bspa
_cBNPHU
082 _a291.657
_bT316L
100 0 _aTeresa de Jesús,
_cSanta,
_d1515-1582.
_915863
245 1 0 _aLibro de las fundaciones de Santa Teresa de Jesús : /
_cSanta Teresa de Jesús ; edición, introducción y notas de José María Aguado.
260 _aMadrid :
_bEspasa-Calpe,
_c1950.
300 _a2 v ;
_c19 cm.
490 1 _aClásicos castellanos
_v115 y 116
500 _aEl v. 1 Contiene la historia de las siete primeras fundaciones.
500 _aEl v. 2 comprende las fundaciones llevadas a cabo desde. cumplementar la orden del P. Ripalda hasta el fin de sus días.
500 _aEdición cotejada con el autógrafo que se venera en San Lorenzo del Escorial.
500 _aPrecedida de una introducción, seguida de un apéndice e ilustrada con notas completivas sacadas del epistolario teresiano y de otros documentos del siglo.
504 _aIncluye referencias bibliográficas y notas al pie de las páginas.
650 4 _aVida religiosa
_915864
650 0 _aVida espiritual
_9268
650 0 _aVida cristiana
_9668
650 4 _aMediación entre dios y hombre
_xCristianismo
_915865
700 1 _aAguado, José María,
_eed.
_915866
830 0 _aClásicos castellanos ;
_v115 y 116
_94180
910 _aCatalogación original
049 _aBNGR
999 _c18011
_d18011